[Event "Wiesbaden op 30th"]
[Site "Wiesbaden"]
[Date "2018.08.26"]
[Round "6"]
[White "Brauch, Manfred"]
[Black "Boehmer, Thomas"]
[Result "1/2-1/2"]
[WhiteElo "1769"]
[BlackElo "2032"]
[PlyCount "60"]
[EventDate "2018.08.23"]
[EventType "swiss"]
[EventRounds "7"]
[EventCountry "GER"]
[SourceTitle "CBM 186 Extra"]
[Source "ChessBase"]
[SourceDate "2018.08.24"]
[SourceVersion "1"]
[SourceVersionDate "2018.08.24"]
[SourceQuality "1"]

1. d4 Nf6 2. Nf3 b6 3. e3 Bb7 4. Be2 e6 5. 0-0 Be7 6. Nbd2 0-0 7. c3 c5 8. b3 d5 9. Bb2 Nbd7 10. a4 cxd4 11. cxd4 Rc8 12. Rc1 Bd6 13. Rxc8 Qxc8 14. Qb1 Qb8 15. Rc1 Ne4 16. Nf1 Rc8 17. Rxc8+ Qxc8 18. Bd3 h6 19. Ng3 Nxg3 20. hxg3 Nf6 21. Ne5 Ba6 22. Qf1 Bxd3 23. Qxd3 Ne4 24. Nf3 Bb4 25. Qe2 Qc7 26. Qd1 Kf8 27. Ne5 Bd6 28. Nd3 Qc6 29. Ne5 Qc7 30. Nd3 Kg8 1/2-1/2

[Event "Wiesbaden op 30th"]
[Site "Wiesbaden"]
[Date "2018.08.24"]
[Round "3"]
[White "Eveleens, Wim"]
[Black "Brauch, Manfred"]
[Result "1-0"]
[WhiteElo "1997"]
[BlackElo "1769"]
[PlyCount "107"]
[EventDate "2018.08.23"]
[EventType "swiss"]
[EventRounds "7"]
[EventCountry "GER"]
[SourceTitle "CBM 186 Extra"]
[Source "ChessBase"]
[SourceDate "2018.08.24"]
[SourceVersion "1"]
[SourceVersionDate "2018.08.24"]
[SourceQuality "1"]

1. c4 f5 2. g3 Nf6 3. Bg2 g6 4. Nc3 Bg7 5. d3 d6 6. e4 0-0 7. Nge2 c6 8. 0-0 Na6 9. h3 e5 10. exf5 Bxf5 11. d4 Qc8 12. Kh2 Nb4 13. Bg5 h6 14. Bxf6 Bxf6 15. a3 Nc2 16. g4 Nxa1 17. gxf5 Qxf5 18. Qxa1 exd4 19. Ne4 Bg7 20. Qd1 Rae8 21. N2g3 Qe6 22. Qg4 Qxg4 23. hxg4 Be5 24. b4 Rf4 25. Kh3 Kg7 26. Ne2 Rf7 27. f4 Bf6 28. N2g3 Rd8 29. Rd1 Be7 30. f5 Bg5 31. Nxg5 hxg5 32. fxg6 Rf4 33. Nh5+ Kxg6 34. Nxf4+ gxf4 35. Be4+ Kg5 36. Bf5 c5 37. Re1 d5 38. cxd5 Rxd5 39. Be6 Rd6 40. bxc5 Ra6 41. Bc8 Rxa3+ 42. Kg2 Rc3 43. Re5+ Kg6 44. Bxb7 a5 45. Be4+ Kf6 46. Rf5+ Kg7 47. c6 a4 48. Rxf4 a3 49. Bd5 d3 50. Rd4 Rc2+ 51. Kf3 a2 52. Bxa2 Rxa2 53. Rxd3 Rc2 54. Rd6 1-0

[Event "Wiesbaden op 29th"]
[Site "Wiesbaden"]
[Date "2017.08.25"]
[Round "3"]
[White "Brauch, Manfred"]
[Black "Rowland, Anthony"]
[Result "1/2-1/2"]
[WhiteElo "1626"]
[BlackElo "1904"]
[PlyCount "50"]
[EventDate "2017.08.24"]
[EventType "swiss"]
[EventRounds "7"]
[EventCountry "GER"]
[SourceTitle "CBM 180 Extra"]
[Source "ChessBase"]
[SourceDate "2017.10.06"]
[SourceVersion "1"]
[SourceVersionDate "2017.10.06"]
[SourceQuality "1"]

1. d4 Nf6 2. Nf3 d5 3. e3 c5 4. c3 Nbd7 5. Bd3 g6 6. Nbd2 Bg7 7. 0-0 0-0 8. Re1 b6 9. e4 cxd4 10. Nxd4 Nc5 11. Bc2 dxe4 12. Nxe4 Nfxe4 13. Bxe4 Nxe4 14. Rxe4 Bb7 15. Re1 Qc7 16. Qg4 e5 17. Nf3 Rfe8 18. h4 h5 19. Qg3 Rad8 20. Bg5 Rd3 21. Rad1 Qd7 22. Rxd3 Qxd3 23. Be3 Qc2 24. Bc1 Qa4 25. a3 Qc6 1/2-1/2